Housekeeping management

Na minha lista:
Detalhes bibliográficos
Autor principal: Kappa, Margaret M.
Outros Autores: Nitschke, Aleta, Schappert, Patricia B.
Formato: Livro
Idioma:inglês
Publicado em: Lansing Education Institute American Hotel & Lodging Association 1997
Edição:2nd ed.
Colecção:Educational Institute Books
Assuntos:
Tags: Adicionar Tag
Sem tags, seja o primeiro a adicionar uma tag!

MARC

LEADER 00000nam$a2200000$$$4500
001 0069014
005 20231215115040.0
020 |a 0-86612-156-0 
041 0 |a eng 
044 |a US 
245 1 0 |a Housekeeping management  |c Margaret M. Kappa, Aleta Nitschke, Patricia B. Schappert 
250 |a 2nd ed. 
264 1 |a Lansing  |b Education Institute American Hotel & Lodging Association  |c 1997 
300 |a 488 s. 
490 1 |a Educational Institute Books 
830 0 |a Educational Institute Books 
610 2 0 |a hotely 
610 2 0 |a hotelierstvo 
610 2 0 |a manažment 
610 2 0 |a riadenie podnikové 
610 2 0 |a pohostinstvo 
610 2 0 |a štúdie prípadové 
610 2 0 |a plánovanie 
610 2 0 |a zdroje ľudské 
610 2 0 |a zariadenia ubytovacie 
610 2 0 |a vybavenosť pracoviska 
610 2 0 |a výdavky 
610 2 0 |a kontroling 
610 2 0 |a bezpečnosť 
610 2 0 |a čistiarne 
610 2 0 |a údržba 
100 1 |a Kappa, Margaret M. 
700 1 |a Nitschke, Aleta 
700 1 |a Schappert, Patricia B.